000
00335nam a2200145Ia 4500
100
_a
Jhamb / L.C
942
_c
BK
654
_a
materials management
245
_a
Cases and problems on materials management
260
_b
Everest Pub.House
_a
Pune
_c
1987
082
_a
658.7
_b
JHA
300
_a
190
546
_a
ENGLISH
999
_c
22901
_d
22901